Techniques of radiation dosimetry / (Record no. 127772)

MARC details
000 -LEADER
fixed length control field 00748nam a22002417a 4500
005 - DATE AND TIME OF LATEST TRANSACTION
control field 20170124110030.0
010 ## - LIBRARY OF CONGRESS CONTROL NUMBER
LC control number A-257576
020 ## - INTERNATIONAL STANDARD BOOK NUMBER
Terms of availability 00.00
International Standard Book Number 0852265786
035 ## - SYSTEM CONTROL NUMBER
System control number A-408601
037 ## - SOURCE OF ACQUISITION
Source of stock number/acquisition Cen Lib/Ret
040 ## - CATALOGING SOURCE
Original cataloging agency DPL
Language of cataloging EN
082 ## - DEWEY DECIMAL CLASSIFICATION NUMBER
Classification number 539.72
Item number TEC
245 ## - TITLE STATEMENT
Title Techniques of radiation dosimetry /
Statement of responsibility, etc edited by K. Mahesh [and] D. R. Vij
260 ## - PUBLICATION, DISTRIBUTION, ETC. (IMPRINT)
Place of publication, distribution, etc New Delhi
Name of publisher, distributor, etc Wiley Eastern
Date of publication, distribution, etc 1985
270 ## - ADDRESS
City New Delhi
Address 4835/24, Ansari Road, Darya Ganj
Postal code 110002
300 ## - PHYSICAL DESCRIPTION
Extent xii,516p.:
Dimensions 22cm(Hb)
Other physical details ill.
500 ## - GENERAL NOTE
General note Includes index<br/>
650 ## - SUBJECT ADDED ENTRY--TOPICAL TERM
Topical term or geographic name as entry element Radiation physics
9 (RLIN) 21505
650 ## - SUBJECT ADDED ENTRY--TOPICAL TERM
Topical term or geographic name as entry element Dosimetry--chemical methods
9 (RLIN) 21506
700 ## - ADDED ENTRY--PERSONAL NAME
Personal name Mahesh, K.
9 (RLIN) 21507
700 ## - ADDED ENTRY--PERSONAL NAME
Personal name Vij, D. R.
9 (RLIN) 21508
942 ## - ADDED ENTRY ELEMENTS (KOHA)
Source of classification or shelving scheme Dewey Decimal Classification
Koha item type English Books
Classification part 539.72
Call number suffix TEC
Holdings
Withdrawn status Lost status Damaged status Not for loan Home library Current library Date acquired Source of acquisition Cost, normal purchase price Total Checkouts Full call number Barcode Date last seen Copy number Cost, replacement price Price effective from Koha item type Public note
        Central Library Central Library 30/06/2015 Cen Lib/Ret 0.00   539.72 TEC A-257576 30/06/2015 1 0.00 30/06/2015 English Books Legal Case (Register 2019)

© Delhi Public Library
Hit Counter
free hit counter